000 01134cam a2200313 i 4500
001 17684616
003 OSt
005 20180116192421.0
008 130404s2014 enka b 001 0 eng
010 _a 2013013461
020 _a9780415839662 (hardback : alk. paper)
020 _a9780415839679 (pbk. : alk. paper)
020 _z9781315885452 (ebook)
040 _aDLC
_beng
_erda
_cDLC
_dDLC
042 _apcc
050 0 0 _aNA737.V36
_bA35 2014
082 0 0 _a720.47
_223
100 1 _aVan der Ryn, Sim.
_97437
240 1 0 _aEssays.
_kSelections
245 1 0 _aCulture, architecture and nature :
_ban ecological design retrospective /
_cSim Van der Ryn ; edited by Richard Olsen.
260 _aNew York:
_bRoutledge,
_c2014.
300 _axvii, 158 pages :
_billustrations ;
_c29 cm
504 _aIncludes bibliographical references and index.
600 1 0 _aVan der Ryn, Sim
_xPhilosophy.
_97438
650 0 _aArchitecture
_xEnvironmental aspects.
_97439
906 _a7
_bcbc
_corignew
_d1
_eecip
_f20
_gy-gencatlg
942 _2ddc
_cBK
999 _c353920
_d353920